| 000 | 00419nam a2200181Ia 4500 | ||
|---|---|---|---|
| 008 | 210210b1904 xxu||||| |||| 00| 0 eng d | ||
| 041 | _aeng | ||
| 082 | _a531/4 | ||
| 100 | _aALDOUS (J C P) | ||
| 245 | _aElementary course of physics | ||
| 260 |
_aLondon _bMacmillan & Co. Ltd. _c1904 |
||
| 300 | _a617 | ||
| 650 | _aphysics | ||
| 650 | _aElementary | ||
| 650 | _acourse | ||
| 690 | _aPhysics | ||
| 906 | _a008205 | ||
| 999 |
_c126122 _d126122 |
||